قانون تحقيق الجنايات الأهلي : (Record no. 57275)
[ view plain ]
| 000 -LEADER | |
|---|---|
| fixed length control field | 01941nam a2200313 i 4500 |
| 003 - CONTROL NUMBER IDENTIFIER | |
| control field | EG-GICUC |
| 005 - DATE AND TIME OF LATEST TRANSACTION | |
| control field | 20260221105342.0 |
| 008 - FIXED-LENGTH DATA ELEMENTS--GENERAL INFORMATION | |
| fixed length control field | 260116s1935 ua |||fr|||| 000 0 ara d |
| 040 ## - CATALOGING SOURCE | |
| Original cataloging agency | EG-GICUC |
| Language of cataloging | ara |
| Transcribing agency | EG-GICUC |
| Modifying agency | EG-GICUC |
| Description conventions | rda |
| 041 ## - LANGUAGE CODE | |
| Language code of text/sound track or separate title | ara |
| 082 04 - DEWEY DECIMAL CLASSIFICATION NUMBER | |
| Edition number | 21 |
| Classification number | 343.3 |
| Item number | ح ك . ق |
| 092 04 - LOCALLY ASSIGNED DEWEY CALL NUMBER (OCLC) | |
| Edition number | 21 |
| 099 ## - LOCAL FREE-TEXT CALL NUMBER (OCLC) | |
| Classification number | Law1 10 343.3 ح ك . ق 1935 |
| 110 1# - MAIN ENTRY--CORPORATE NAME | |
| Corporate name or jurisdiction name as entry element | الحكومة المصرية |
| Relator term | مؤلف. |
| 245 10 - TITLE STATEMENT | |
| Title | قانون تحقيق الجنايات الأهلي : |
| Remainder of title | قانون تحقيق الجنايات الأهلى مع التعديلات الطارئة عليه لغاية آخر يناير سنة ١٩٣٦ مذيل بقانون تشكيل محاكم الجنايات وقانون محاكم المراكز والقانون رقم ۲۷ لسنة ۱۹۱۰ الخاص بدعاوى الجنح التى تقع بواسطة الصحف أو غيرها والقانون رقم 1 لسنة ١٩١٧ والقانون الخاص بتحليف الموظفين المنتدبين بصفة خبراء أمام المحاكم والقانون الخاص يجعل بعض الجنايات جنحا اذا اقترنت بأعذار قانونية أو ظروف مخففة وقانون ٦٨ لسنة ١٩٣١ بإنشاء محكمة النقض وفهرس هجائي / |
| Statement of responsibility, etc. | الحكومة المصرية، وزارة الحقانية. |
| 264 #3 - PRODUCTION, PUBLICATION, DISTRIBUTION, MANUFACTURE, AND COPYRIGHT NOTICE | |
| Place of production, publication, distribution, manufacture | القاهرة : |
| Name of producer, publisher, distributor, manufacturer | المطبعة الاميرية, |
| Date of production, publication, distribution, manufacture, or copyright notice | 1935. |
| 300 ## - PHYSICAL DESCRIPTION | |
| Extent | 206 صفحة؛ |
| Dimensions | 24 سم |
| 336 ## - CONTENT TYPE | |
| Source | rda content |
| Content type term | text |
| 337 ## - MEDIA TYPE | |
| Source | rda media |
| Media type term | Computer |
| 338 ## - CARRIER TYPE | |
| Source | rda carrier |
| Carrier type term | Online Resource |
| 546 ## - LANGUAGE NOTE | |
| Language note | النص باللغة العربية |
| 650 14 - SUBJECT ADDED ENTRY--TOPICAL TERM | |
| Topical term or geographic name entry element | قانون الإجراءات الجنائية |
| Source of heading or term | qrmak |
| 650 14 - SUBJECT ADDED ENTRY--TOPICAL TERM | |
| Topical term or geographic name entry element | القانون الجنائى |
| Source of heading or term | qrmak |
| 651 1# - SUBJECT ADDED ENTRY--GEOGRAPHIC NAME | |
| Source of heading or term | qrmak |
| 700 ## - ADDED ENTRY--PERSONAL NAME | |
| Personal name | وزارة الحقانية |
| Relator term | مؤلف مشارك. |
| 856 40 - ELECTRONIC LOCATION AND ACCESS | |
| Uniform Resource Identifier | <a href="https://fll.law.cu.edu.eg/fulltext/bks/B10-05468.pdf">https://fll.law.cu.edu.eg/fulltext/bks/B10-05468.pdf</a> |
| 905 ## - Cataloger and Reviser Names | |
| Cataloger Name: | Yasmin Sayed |
| Revisor Name: | Yara |
| 942 ## - ADDED ENTRY ELEMENTS (KOHA) | |
| Source of classification or shelving scheme | Dewey Decimal Classification |
| Koha item type | Books |
| Edition | 21 |
| Suppress in OPAC | No |
| Withdrawn status | Lost status | Source of classification or shelving scheme | Damaged status | Not for loan | Collection | Home library | Current library | Date acquired | Total checkouts | Full call number | Barcode | Date last seen | Copy number | Price effective from | Koha item type |
|---|---|---|---|---|---|---|---|---|---|---|---|---|---|---|---|
| Dewey Decimal Classification | Not for loan | القانون الجنائي | جــــامعة القــاهرة | مكتبة كلية الحقوق - المبنى الرئيسي | 16.01.2026 | Law1 10 343.3 ح ك . ق 1935 1005468 C1 | B10-05468 | 16.01.2026 | 1 | 16.01.2026 | Books |